Alicia en el País de las Maravillas /

Alicia en el país de las maravillas es la obra más conocida y estimada de la literatura infantil inglesa, y atrae la atención de los adultos por el juego lógico y verbal en que se fundamenta.

Kaydedildi:
Detaylı Bibliyografya
Yazar: Carroll, Lewis (autor)
Diğer Yazarlar: Pitol, Sergio (prólogo) (prólogo)
Materyal Türü: Kitap
Dil:İspanyolca
Baskı/Yayın Bilgisi: México : Porrúa, 1986
Edisyon:7a edición
Seri Bilgileri:(Sepan Cuántos ; 215)
Konular:
Etiketler: Etiketle
Etiket eklenmemiş, İlk siz ekleyin!

MARC

LEADER 00000nam^a2200000^a^4500
001 000023529
005 20250521000000.0
009 20260310084540.019
020 |a 968-432-061-2 
037 |a Acervo ITESO - Biblioteca 
041 |a ESP 
082 |a 082.  |b POR V. 215 
100 |a Carroll, Lewis  |e (autor) 
240 1 1 |a [Alicia en el País de las Maravillas] 
240 1 1 |a [Al otro lado del espejo] 
245 1 0 |a Alicia en el País de las Maravillas /  |c L. Carroll ; pról. de S. Pitol. 
250 |a 7a edición 
264 1 |a México :  |b Porrúa,  |c 1986 
300 |a 166 p. 
336 |a texto  |b txt  |2 rdacontenido 
337 |a sin mediación  |b n  |2 rdamedio 
338 |a volumen  |b nc  |2 rdasoporte 
440 1 |a (Sepan Cuántos ;  |v 215) 
500 |a Traducción de: Alice's Adventures in Wonderland, Through the Looking-Glass 
520 |a Alicia en el país de las maravillas es la obra más conocida y estimada de la literatura infantil inglesa, y atrae la atención de los adultos por el juego lógico y verbal en que se fundamenta. 
545 0 |a Lewis Carroll, pseudónimo de Charles Lutwidge Dogson, polifacético escritor, diácono, fotógrafo y matemático inglés (1832-1898). Entre sus obras encontramos las novelas Alicia en el país de las maravillas (1865), A través del espejo (1871); los libros de poesía La caza del Snark (1876) y Silvia y Bruno (1889), y el de cuentos La venganza de Bruno, así como juegos de imaginación, adivinanzas y rompecabezas. Con su nombre verdadero publicó importantes estudios acerca de las determinantes, la lógica simbólica y las matemáticas. La obra literaria de Carroll se inserta en los valores del movimiento intelectual de la segunda mitad del siglo XIX, en una Inglaterra regida por la reina Victoria; así, su obra se considera una manifestación del realismo, a pesar de la combinación de elementos fantásticos, disparatados y absurdos, ya que representa una fuerte crítica a la sociedad británica; otros ideales victorianos presentes en la narrativa de Carroll es el espíritu de descubrimiento y aventura, así como el tiempo que los británicos ociosos dedican a los juegos que recién han inventado, algunos de salón y otros deportivos, como el cricket. 
649 |a XX 
650 |a Cuentos Infantiles -  |z Inglaterra 
650 |a Cuentos Fantásticos -  |z Inglaterra 
650 |a Cuentos Ingleses 
650 |a Literatura Infantil -  |z Inglaterra 
650 |a Literatura Fantástica -  |z Inglaterra 
650 |a Literatura Inglesa -  |y Siglo XIX 
740 0 |a Al otro lado del espejo /  |c L. Carroll ; pról. de S. Pitol. 
700 |a Pitol, Sergio  |e (prólogo) 
910 |a Fondo General 
920 |a Impresos - Libros 
930 |a Colección General 
940 |a Literatura 
905 |a 101 
901 |a 0235290100  |b IT1  |c LIT  |i 023529  |u 20250521 
902 |a https://opac.biblio.iteso.mx/vufind/Record/000023529